000
00282nam a22001337a 4500
008
181020b xxu||||| |||| 00| 0 eng d
020
_a
21693
041
_a
eng
080
_a
201
100
_a
24
101
_a
TEO
245
_a
Religion and Sexism
_c
Ruther, R.R
942
_2
udc
_c
BK
999
_c
50332
_d
50332